Energy resources: conventional and non-conventional (Record no. 403723)

000 -LEADER
fixed length control field 00497cam a22001697a 4500
008 - FIXED-LENGTH DATA ELEMENTS--GENERAL INFORMATION
fixed length control field 180718b2004 xxu||||| |||| 00| 0 eng d
020 ## - INTERNATIONAL STANDARD BOOK NUMBER
International Standard Book Number 8178000598
082 ## - DEWEY DECIMAL CLASSIFICATION NUMBER
Classification number Y26x54 R18
100 ## - MAIN ENTRY--PERSONAL NAME
Personal name Rao, M.V.R. Koteswara
245 ## - TITLE STATEMENT
Title Energy resources: conventional and non-conventional
Statement of responsibility, etc. by M.V.R. Koteswara Rao
260 ## - PUBLICATION, DISTRIBUTION, ETC.
Place of publication, distribution, etc. Hyderabad
Name of publisher, distributor, etc. BSP Publications
Date of publication, distribution, etc. 2004
300 ## - PHYSICAL DESCRIPTION
Extent 189p.
650 ## - SUBJECT ADDED ENTRY--TOPICAL TERM
Topical term or geographic name entry element Nuclear energy
650 ## - SUBJECT ADDED ENTRY--TOPICAL TERM
Topical term or geographic name entry element Solar energy
650 ## - SUBJECT ADDED ENTRY--TOPICAL TERM
Topical term or geographic name entry element Biomass energy
650 ## - SUBJECT ADDED ENTRY--TOPICAL TERM
Topical term or geographic name entry element Power resources - India
Holdings
Withdrawn status Lost status Damaged status Not for loan Permanent Location Current Location Date acquired Full call number Barcode Date last seen Price effective from Koha item type
        Indian Institute of Public Administration Indian Institute of Public Administration 2005-04-27 Y26x54 R18 80062 2018-07-21 2018-07-21 Book

Powered by Koha